| 000 | 00611nam a22001937a 4500 | ||
|---|---|---|---|
| 005 | 20250404142424.0 | ||
| 008 | 250404b |||||||| |||| 00| 0 eng d | ||
| 020 | _a9780414056169 | ||
| 050 |
_aKD3009.P5 _b2016 |
||
| 100 | _aPitt Gwyneth | ||
| 245 |
_aPitt's employment law _cPitt Gwyneth, LLB, MBA Professor of law, Kingston university |
||
| 250 | _a10th | ||
| 260 |
_aLondon _bsweet and maxwell _cc2016 |
||
| 300 | _alxi, 539p; | ||
| 500 | _aincludes index | ||
| 650 |
_2Employment law _xLondon |
||
| 700 |
_aPitt Gwyneth _cLLB, MBA Professor of law, Kingston university _eAuthor |
||
| 942 |
_2lcc _cBK _e10th _n0 |
||
| 999 |
_c5350 _d5350 |
||